Detalles MARC
| 000 -CABECERA |
| Longitud fija campo de control |
03004nam a2200361Ka 4500 |
| 003 - • IDENTIFICADOR DELl NÚMERO DE CONTROL |
| Identificador del número de control |
CO-BoRNBP |
| 005 - • FECHA Y HORA DE LA ÚLTIMA TRANSACCIÓN |
| Fecha y hora de la última transacción |
20260122191428.0 |
| 007 - • CAMPO FIJO DE DESCRIPCIÓN FÍSICA |
| Campo fijo de descripción física |
cr cn--------- |
| 008 - • CÓDIGOS DE INFORMACIÓN DE LONGITUD FIJA |
| Códigos de información de longitud fija |
160614s2016 nyu s 000 1 spa d |
| 020 ## - • NÚMERO INTERNACIONAL NORMALIZADO PARA LIBROS |
| Número Internacional Normalizado para Libros (ISBN) |
9788420424095 (electronic bk) |
| 040 ## - FUENTE DE LA CATALOGACIÓN |
| Centro catalogador de origen |
TEFOD |
| Centro transcriptor |
TEFOD |
| 084 ## - • Clasificación Local Alfanúmerica PNLB |
| Número de clasificación |
FIC000000 |
| 100 1# - • PUNTO DE ACCESO PRINCIPAL-NOMBRE DE PERSONA |
| Nombre de persona |
Restrepo, Laura. |
| 245 10 - • TITULO PROPIAMENTE DICHO |
| Título |
El siríaco |
| Medio |
[electronic resource] : |
| Resto del título |
Pecado 6. |
| Mención de responsabilidad, etc. |
Laura Restrepo. |
| 250 ## - • MENCIÓN DE EDICIÓN |
| Mención de edición |
1a. edición |
| 300 ## - • DESCRIPCIÓN FÍSICA |
| Extensión |
1 online resource |
| 336 ## - TIPO DE CONTENIDO |
| Término de tipo de contenido |
text |
| Código de tipo de contenido |
txt |
| Fuente |
rdacontent |
| 337 ## - TIPO DE MEDIO |
| Nombre del tipo de medio |
computer |
| Código del tipo de medio |
c |
| Fuente |
rdamedia |
| 338 ## - TIPO DE SOPORTE |
| Nombre del tipo de soporte |
online resource |
| Código del tipo de soporte |
cr |
| Fuente |
rdacarrier |
| 490 0# - • MENCIÓN DE SERIE |
| Mención de serie |
Pecado. |
| 500 ## - • NOTA GENERAL |
| Nota general |
Title from eBook information screen.. |
| 520 ## - • NOTA DE RESUMEN |
| Resumen, etc, |
EL SIRÍACO Un relato sobre la soberbia Sexto relato de los siete que componen Pecado , el nuevo libro de Laura Restrepo, que se comercializa en digital de forma seriada y con antelación a su publicación en papel, diariamente a partir del 11 de marzo. «Desde la soledad de su mirador, el Siríaco desafía a la noche y se atiene a las consecuencias: ante él se abre un abismo de maravillas y de terrores. Suya es la lucidez; las cobijas son nuestra ceguera. Al Siríaco no lo vemos pero contamos con su presencia, que palpita al fondo de las plazas, por encima de la última fila de tejados, detrás de los muladares, los desguazaderos, el matadero municipal y los huertos de tomate y berenjena.» «El Siríaco»es un relato sobre un profeta soberbio perteneciente al libro Pecado , donde El jardín de las delicias de El Bosco parece haber dejado de estar colgado en el museo y se muestra más real que nunca, vivido por personajes de carne y hueso que nos confiesan al oído su particular relación con el mal. Sobre el lector recaerá el reto moral de condenarlos o, tal vez, de indultarlos. Con la fuerza y la sensibilidad que caracterizan su literatura, Laura Restrepo indaga en la complejidad ética de la transgresión a través de una narración inquietante, original, por momentos aterradora y al mismo tiempo dulcemente humana. Cada pecado trae consigo su correspondiente culpa, pero también su gota de alivio. El 17 de marzo a la venta «Amor sin pies ni cabeza», el séptimo y último pecado. |
| 538 ## - • NOTA DE DETALLES DEL SISITEMA |
| Nota de detalles del sistema |
Requires the Libby app or a modern web browser. |
| 650 17 - • PUNTO DE ACCESO ADICIONAL DE MATERIA - TÉRMINO DE MATERIA |
| Término de materia o nombre geográfico como elemento inicial |
Fiction. |
| Fuente del encabezamiento o término |
OverDrive |
| 650 #7 - • PUNTO DE ACCESO ADICIONAL DE MATERIA - TÉRMINO DE MATERIA |
| Término de materia o nombre geográfico como elemento inicial |
Literature. |
| Fuente del encabezamiento o término |
OverDrive |
| 655 #7 - • TÉRMINO DE INDIZACIÓN - GÉNERO/FORMA |
| Datos o término principal de género/forma |
Electronic books. |
| Fuente del término |
local |
| 9 (RLIN) |
68278 |
| 856 40 - • LOCALIZACIÓN Y ACCESO ELECTRÓNICO |
| Identificador Uniforme del Recurso (URI) |
<a href="http://link.overdrive.com/?websiteID=320062&titleID=2630361">http://link.overdrive.com/?websiteID=320062&titleID=2630361</a> |
| Nota pública |
Click to access digital title. |
| 856 4# - • LOCALIZACIÓN Y ACCESO ELECTRÓNICO |
| Especificación de materiales |
Excerpt |
| Identificador Uniforme del Recurso (URI) |
<a href="https://samples.overdrive.com/?crid=c5ac4e55-5d7a-4092-a68d-e126dbc0ee3e&.epub-sample.overdrive.com">https://samples.overdrive.com/?crid=c5ac4e55-5d7a-4092-a68d-e126dbc0ee3e&.epub-sample.overdrive.com</a> |
| Nota pública |
Sample |
| 856 4# - • LOCALIZACIÓN Y ACCESO ELECTRÓNICO |
| Especificación de materiales |
Image |
| Identificador Uniforme del Recurso (URI) |
<a href="https://img1.od-cdn.com/ImageType-100/5835-1/%7BC5AC4E55-5D7A-4092-A68D-E126DBC0EE3E%7DImg100.jpg">https://img1.od-cdn.com/ImageType-100/5835-1/%7BC5AC4E55-5D7A-4092-A68D-E126DBC0EE3E%7DImg100.jpg</a> |
| Nota pública |
Large cover image |
| 856 4# - • LOCALIZACIÓN Y ACCESO ELECTRÓNICO |
| Especificación de materiales |
Thumbnail |
| Identificador Uniforme del Recurso (URI) |
<a href="https://img1.od-cdn.com/ImageType-200/5835-1/%7BC5AC4E55-5D7A-4092-A68D-E126DBC0EE3E%7DImg200.jpg">https://img1.od-cdn.com/ImageType-200/5835-1/%7BC5AC4E55-5D7A-4092-A68D-E126DBC0EE3E%7DImg200.jpg</a> |
| Nota pública |
Thumbnail cover image |
| 942 ## - ENTRADA DE ELEMENTOS AGREGADOS (KOHA) |
| Fuente de clasificaión o esquema |
Dewey Decimal Classification |
| Koha [por defecto] tipo de item |
LIbro |